| 000 | 00814nam a2200205 a 4500 | ||
|---|---|---|---|
| 001 | BRCA_1860 | ||
| 005 | 20190320203559.0 | ||
| 008 | 060608s1985----mx-a---###---#000-0#spa-# | ||
| 050 | 4 |
_aN910.P8 _b.M97 1985 |
|
| 245 | 1 | 0 |
_aMuseos y espacios museográficos del Estado de Puebla _ccoordinación Alfonso Soto Soria ; investigación y textos Miguel A. Madrid ; corrección y cuidado de edición Luis Trueba A. |
| 260 |
_aMéxico _bUNAM, Centro de Investigación y Servicios Museológicos _c1985 |
||
| 300 |
_a1 v. (sin paginación) _bil. _c21 cm. |
||
| 504 | _aBibliografía: p. 37-38 | ||
| 650 | 1 | 4 |
_aMuseos _zMéxico _93716 |
| 650 | 1 | 4 |
_aEspacios Museográficos _zPuebla (México) _95769 |
| 700 | 1 |
_aSoto Soria, Alfonso _95770 |
|
| 700 | 1 |
_aMadrid, Miguel A _95771 |
|
| 700 | 1 |
_aTrueba A., Luis _95772 |
|
| 942 |
_2lcc _cB |
||
| 999 |
_c1638 _d1638 |
||